000
00368nam a2200133Ia 4500
008
151001s9999||||xx |||||||||||||| ||und||
100
_a
म वि कोल्हटकर
245
_a
एक चिमुट दोन वाती
250
_a
1
260
_b
"नवल प्रकाशन,पुणे"
260
_c
2013
300
_a
168
365
_b
18
999
_c
1001606
_d
1001603